| 000 | 00822cam a2200265 a 4500 | ||
|---|---|---|---|
| 001 | 4510190 | ||
| 003 | NUST - PNEC | ||
| 005 | 20170116181031.0 | ||
| 008 | 980512s1998 caua 001 0 eng d | ||
| 010 | _a 98085873 | ||
| 020 | _a8170297850 | ||
| 040 | _cLIBRARY | ||
| 082 | 0 | 0 | _a620.381956 OMU |
| 100 | 1 | _aOmura, George. | |
| 245 | 1 | 0 |
_aMastering AutoCAD : 13 for windows _cGeorge Omura |
| 250 | _a2nd ed. | ||
| 300 |
_axli, 1400 p. : _bill. ; _c24 cm. |
||
| 500 | _aIncludes index. | ||
| 630 | 0 | 0 | _aAutoCAD. |
| 650 | 0 |
_aComputer graphics. _xME, MIS |
|
| 906 |
_a7 _bcbc _ccopycat _d2 _eopcn _f19 _gy-gencatlg |
||
| 942 |
_2ddc _cBK |
||
| 999 |
_c67737 _d67737 |
||